Top 5 European Leagues Top Assisters: 2014/15 - Statistics

General Stats
  • This quiz has been taken 8 times
  • The average score is 14 of 29
Answer Stats
League Assists Club Nationality Player % Correct
La Liga 17 Real Madrid Portugal Cristiano Ronaldo
100%
La Liga 13 Real Madrid Colombia James Rodriguez
100%
La Liga 21 Barcelona Argentina Lionel Messi
100%
La Liga 16 Barcelona Uruguay Luis Suarez
100%
Bundesliga 14 Bayern Munich Germany Thomas Muller
100%
Premier League 10 Manchester United Argentina Angel Di Maria
88%
Premier League 18 Chelsea Spain Cesc Fabregas
88%
Bundesliga 21 Wolfsburg Belgium Kevin De Bruyne
88%
Premier League 10 Manchester City Spain David Silva
75%
Premier League 10 Chelsea Belgium Eden Hazard
75%
Serie A 14 Napoli Slovakia Marek Hamsik
75%
Premier League 10 Swansea Iceland Gylfi Sigurdsson
63%
Serie A 10 Roma Bosnia and Herzegovina Miralem Pjanic
63%
Serie A 10 Palermo Argentina Paulo Dybala
63%
Bundesliga 10 Hoffenheim Brazil Roberto Firmino
63%
Premier League 11 Arsenal Spain Santi Cazorla
63%
Serie A 11 Sassuolo Italy Domenico Berardi
25%
Primeira Liga 10 Benfica Argentina Eduardo Salvio
25%
Primeira Liga 15 Sporting Peru Andre Carrillo
13%
Serie A 12 Lazio Italy Antonio Candreva
13%
Premier League 10 West Brom Northern Ireland Chris Brunt
13%
Primeira Liga 15 Benfica Argentina Nico Gaitan
13%
La Liga 13 Celta Vigo Spain Nolito
13%
Serie A 11 Palermo Argentina Franco Vazquez
0%
Bundesliga 11 Freiburg France Jonathan Schmid
0%
Primeira Liga 11 Guimaraes Portugal Tomane
0%
Primeira Liga 10 Estoril Portugal Toze
0%
Primeira Liga 10 Rio Ave Portugal Ukra
0%
Bundesliga 15 Werder Bremen Austria Zlatko Junuzovic
0%
No matching quizzes found
Score Distribution
Percent of People with Each Score
Percentile by Number Answered
Your Score History
You have not taken this quiz